000 00963nam a2200301 i 4500
003 EG-GICUC
005 20260211074313.0
008 260211s1932 fr ||fr ||| 000 0 fre d
040 _aEG-GiCUC
_bfre
_cEG-GiCUC
_dEG-GiCUC
_eRda
041 0 _afre
082 0 4 _221
_a341.8
_bWI . E
092 0 4 _221
099 _aLaw1 12 341.8 WI . E 1932
100 1 _aWigny, Pierre
_eAuteur
245 1 0 _aEssai Sur Le Droit International Privé Américain /
_cPar Pierre Wigny.
264 1 _aParis :
_bRecueil Sirey,
_c1932.
300 _a240 page,
_c24 cm.
_billustration ;
336 _2rda contenu
_a texte
337 _2rda medias
_aOrdinateur
338 _2 transporteur rda
_a Ressource en ligne
504 _aBibliography: pages 200-250. 240-220
546 _aTexte en français
650 1 4 _aDroit international privé
_2qrmak
651 1 _2qrmak
856 4 0 _uhttps://fll.law.cu.edu.eg/fulltext/bks/B12-02359.pdf
905 _a79
942 _2ddc
_cBK
_e21
_n0
999 _c62529
_d62529